00357nam a2200145Ia 4500008004100000020001900041041000800060082001800068100003200086245004400118250000600162260002300168562000600191650001400197240322s2024 xx 000 0 und d a9780323877254  aeng a616.0757,RUM  aRUMACK C. M. , LEVINE D. .  aDIAGNOSTIC ULTRASOUND + ONLINE VOL. 1 / a6 bELSEVIER2024c2024 e1 aRADIOLOGY